00990nam a2200229 a 450000100060000000300080000600500170001400800410003103500190007204000310009104100130012208200180013524502120015326000530036530000440041865000430046270000320050573000590053794200120059699900170060895201350062528324BD-RjUL20211209051251.0140330s1988 rur 100 0 eng d a(BD-RjUL)28405 aUkOxUbengcUkOxUdBD-RjUL1 aenghrus a947bSOV 198800aSoviet power engineering :bproblems and prospects : an APN-sponsored round-table discussion by prominent scientists and specialists /cedited by Anatoli Alexandrov ; authors: Anatoli Alexandrov ... [et al.] aMoscow :bNovosti Press Agency Pub. House,c1988 a93 p., 16 p. of plates :bill. ;c19 cm 0aPower (Mechanics)zSoviet Union9867491 aAlexandrov, Anatoli.9867500 aProblemy i perspektivy sovetskoĭ ėnergetiki986751 2ddccBK c28324d28324 00102ddc40728NFICaRUCLbRUCLcReadingd1989-08-05eAsia foundationl0o947 SOV 1988r2014-03-30 00:00:00tC-1w2014-03-30yBK